00374pab a2200121 454500008004000000100003100040245010200071260000900173300001300182362000800195650001400203773003500217180718b2010 xxu||||| |||| 00| 0 eng d aTaucar, Christopher Edward aStandards of judicial review of administrative bodies: the consideration of citizen participation c2010 ap.67-86. aMar aJudiciary aCanadian Public Administration